000 01860ngm a22004090a 4500
001 PT16694
003 AR-LpoUNG
005 20210202000226.0
007 vd cvaizq
008 191001s1986||||ag |||||||||||||||||eng d
037 _c$6.63
040 _aAR-LpoUNG
_bspa
_cAR-LpoUNG
_eaacr
041 _aeng
_aspa
044 _aag
082 0 _a980.02 62mis
100 1 _aJoffe, Ronald
_edir.
245 1 3 _aLa misión
260 _aBuenos Aires :
_bCombien,
_c[1986].
300 _aVHS (120 min.) : son., col.
505 0 _aMúsica: Ennio Morricone. - Diálogos en inglés, subtítulos en castellano
520 _aLa misión recrea, con bastantes inexactitudes históricas, las misiones que fundaron los jesuítas en territorios que hoy pertenecerían a países como Paraguay, Brasil y Argentina. En las misiones o reductos, los indios guaraníes no sólo eran instruidos en la fe católica, sino que a instancias de los sacerdotes de la compañía, llevaron a cabo un tipo de organización de carácter igualitario. Esa estructura iba contra los intereses de las monarquías de España y Portugal, que utilizaban a los indios como esclavos.La Iglesia de Roma acabó prohibiendo estas misiones por atentar contra sus intereses, pero no todos los jesuítas acataron la decisión. Muchos empuñaron las armas y fueron aniquilados junto a los indios por la artillería hispano portuguesa en la batalla de Caibale, en 1756.
650 4 _aAMERICA LATINA
650 4 _aCRISTIANISMO
650 4 _aCULTURA
650 4 _aESPAÑA
650 4 _aHISTORIA
650 4 _aIGLESIA
650 4 _aMISIONES RELIGIOSAS
650 4 _aPRACTICA RELIGIOSA
650 4 _aRELIGION
651 4 _aAmérica Latina
653 _aVIDEOS
710 2 _aGoldcrest (firma comercial)
710 2 _aKingsmere (firma comercial)
905 _a16694
942 _cVIDEO
999 _c54387
_d54387